Statistics for Paris SG Opponents In UEFA Champions League

Click here to take the quiz!

General Stats

  • This quiz has been taken 59 times
    (7 since last reset)
  • The average score is 33 of 40

Answer Stats

Team Country Matchs Win Draw Loose Last % Correct
FC BarcelonaSpain103342017
100%
Manchester CityEngland20112016
100%
Celtic FCScotland22002018
100%
Liverpool FCEngland21012019
100%
SSC NapoliItaly20202019
100%
Borussia DortmundGermany21012020
100%
SL BenficaPortugal21012014
100%
RB LeipzigGermany31002021
100%
FC PortoPortugal42112013
100%
Valencia CFSpain21102013
100%
GalatasarayTurkey43012020
100%
Manchester UnitedEngland41012021
100%
Real MadridSpain61232020
100%
Chelsea FCEngland83322016
100%
Bayern MunichGermany95042020
100%
Bayer LeverkusenGermany22002014
86%
CSKA MoscowRussia20022005
86%
OlympiacosGreece22002014
86%
APOELCyprus22002015
86%
AFC AjaxNetherlands21102015
86%
Malmö FFSweden22002016
86%
AtalantaItaly11002020
86%
Shakhtar DonetskUkraine22002016
86%
ArsenalEngland20202017
86%
Red Star BelgradeSerbia22002019
86%
Club BruggeBelgium22002020
86%
İstanbul BaşakşehirTurkey20002021
86%
AC MilanItaly40222001
86%
Deportivo La CorunaSpain20022001
71%
Spartak MoscowRussia22001995
71%
BesiktasTurkey21011998
71%
RSC AnderlechtBelgium43102018
71%
RosenborgNorway21012001
71%
Ludogorets RazgradBulgaria21102017
71%
Dinamo ZagrebCroatia22002013
71%
FC BaselSwitzerland22002017
71%
IFK GöteborgSweden22001998
57%
Dynamo KyivUkraine44002013
43%
Helsingborgs IFSweden21102001
14%
MFK VitkoviceCzech Republic20111987
0%

Score Distribution

Percentile by Number Answered

Percent of People with Each Score

Your Score History

You have not taken this quiz since the last reset